Modern methods of construction : (Record no. 121376)

MARC details
000 -LEADER
fixed length control field 01063nam a2200349 i 4500
003 - CONTROL NUMBER IDENTIFIER
control field UkOxU
005 - DATE AND TIME OF LATEST TRANSACTION
control field 20230215124324.0
008 - FIXED-LENGTH DATA ELEMENTS--GENERAL INFORMATION
fixed length control field 230215s2016 enka b 000 0 eng c
016 7# - NATIONAL BIBLIOGRAPHIC AGENCY CONTROL NUMBER
Record control number 018011417
Source Uk
020 ## - INTERNATIONAL STANDARD BOOK NUMBER
International Standard Book Number 9781848064515
Qualifying information paperback
035 ## - SYSTEM CONTROL NUMBER
System control number (StEdALDL)1/3477128
040 ## - CATALOGING SOURCE
Original cataloging agency UkOxU
Language of cataloging eng
Description conventions rda
Transcribing agency UkOxU
042 ## - AUTHENTICATION CODE
Authentication code ukscp
082 ## - DEWEY DECIMAL CLASSIFICATION NUMBER
Classification number 690 NHB
245 00 - TITLE STATEMENT
Title Modern methods of construction :
Remainder of title views from the industry.
264 #1 - PRODUCTION, PUBLICATION, DISTRIBUTION, MANUFACTURE, AND COPYRIGHT NOTICE
Place of production, publication, distribution, manufacture Knowlhill, Milton Keynes :
Name of producer, publisher, distributor, manufacturer NHBC Foundation,
Date of production, publication, distribution, manufacture, or copyright notice June 2016.
264 #4 - PRODUCTION, PUBLICATION, DISTRIBUTION, MANUFACTURE, AND COPYRIGHT NOTICE
Date of production, publication, distribution, manufacture, or copyright notice ©June 2016
300 ## - PHYSICAL DESCRIPTION
Extent vi, 37 pages :
Other physical details illustrations ;
Dimensions 30 cm
336 ## - CONTENT TYPE
Content type term text
Source rdacontent
336 ## - CONTENT TYPE
Content type term still image
Source rdacontent
337 ## - MEDIA TYPE
Media type term unmediated
Source rdamedia
338 ## - CARRIER TYPE
Carrier type term volume
Source rdacarrier
500 ## - GENERAL NOTE
General note "Primary research."
500 ## - GENERAL NOTE
General note "NF70."
504 ## - BIBLIOGRAPHY, ETC. NOTE
Bibliography, etc. note Includes bibliographical references (page 37).
650 #0 - SUBJECT ADDED ENTRY--TOPICAL TERM
Topical term or geographic name entry element Construction
650 #0 - SUBJECT ADDED ENTRY--TOPICAL TERM
Topical term or geographic name entry element Architecture
690 ## - LOCAL SUBJECT ADDED ENTRY--TOPICAL TERM (OCLC, RLIN)
9 (RLIN) 6230
Topical term or geographic name as entry element Construction management
710 2# - ADDED ENTRY--CORPORATE NAME
Corporate name or jurisdiction name as entry element NHBC Foundation,
Relator term issuing body.
942 ## - ADDED ENTRY ELEMENTS (KOHA)
Source of classification or shelving scheme Dewey Decimal Classification
Holdings
Withdrawn status Lost status Source of classification or shelving scheme Damaged status Not for loan Home library Current library Shelving location Date acquired Total Checkouts Full call number Date last seen Price effective from Koha item type
    Dewey Decimal Classification     London London Books 15/02/2023   690 NHB 15/02/2023 15/02/2023 Book